000 00573nam a2200181 i 4500
001 120181
003 ES-MaACL
005 20251012063049.0
007 t|
008 070214s1952 sp a |||| |bspa d
100 1 _aPérez Vidal, José,
_d1907-1990
_9160934
245 1 0 _aGaldós en Canarias /
_cJosé Pérez Vidal.
260 _aMadrid :
_b[s.n.],
_c1952 (
_fTall. de E. Giménez)
300 _a146 p., 3 lám. :
_bil. ;
_c20 cm.
600 1 4 _aPérez Galdós, Benito,
_d1843-1920-
_xBiografías
_990874
852 _aES-MaACL
_jD-8193
999 _c120181
_d120181